№ 6; Томск; Юность трибуна; Дочь учителя; В. Я. Шишков в Томске
| Parent link: | Томск: альманах/ редкол.: Н. Ф. Бабушкин (отв. ред.) [и др.]. № 6.— : [Б. и.], 1945-1958 |
|---|---|
| שפה: | רוסית |
| יצא לאור: |
1953
|
| TOC: | В. Досекин, Юность трибуна; Н. Попов, Дочь учителя; И. Лясоцкий, В. Я. Шишков в Томске; |
| נושאים: | |
| פורמט: | ספר |
| KOHA link: | https://koha.lib.tpu.ru/cgi-bin/koha/opac-detail.pl?biblionumber=359588 |
MARC
| LEADER | 00000nam2a2200000 4500 | ||
|---|---|---|---|
| 001 | 359588 | ||
| 005 | 20231102011214.0 | ||
| 035 | |a (RuTPU)RU\TPU\retro\16868 | ||
| 035 | |a RU\TPU\retro\16867 | ||
| 090 | |a 359588 | ||
| 100 | |a 20201119d1953 m y0rusy50 ca | ||
| 101 | 0 | |a rus | |
| 102 | |a RU | ||
| 105 | |a y z 000zb | ||
| 200 | 0 | |a № 6 | |
| 210 | |d 1953 | ||
| 215 | |a 124, [1] с. | ||
| 320 | |a Библиогр. в подстроч. примеч. | ||
| 461 | 1 | |0 (RuTPU)RU\TPU\retro\16865 |t Томск |o альманах |f редкол.: Н. Ф. Бабушкин (отв. ред.) [и др.] |v № 6 |n [Б. и.] |d 1945-1958 | |
| 464 | |t Юность трибуна |o пьеса |f В. Досекин | ||
| 464 | |t Дочь учителя |o повесть |f Н. Попов | ||
| 464 | |t В. Я. Шишков в Томске |o по материалам и воспоминаниям |f И. Лясоцкий | ||
| 600 | 1 | |a Шишков |b В. Я |f 1873-1945 |g Вячеслав Яковлевич |c русский писатель |2 stltpush |3 (RuTPU)RU\TPU\pers\3639 | |
| 606 | 1 | |a Альманахи литературно-художественные |2 stltpush |3 (RuTPU)RU\TPU\subj\1851 |9 30517 | |
| 610 | 1 | |a альманахи | |
| 610 | 1 | |a стихи | |
| 610 | 1 | |a повести | |
| 610 | 1 | |a литературная критика | |
| 610 | 1 | |a рассказы | |
| 610 | 1 | |a писатели | |
| 610 | 1 | |a биографические очерки | |
| 675 | |a 8-81 |v 4 | ||
| 801 | 1 | |a RU |b 63413507 |c 20201119 | |
| 801 | 2 | |a RU |b 63413507 |c 20201119 |g RCR | |
| 942 | |c BK | ||